Caste, race and difference: the limits of knowledge and resistance /
Salvato in:
| Autore principale: | |
|---|---|
| Natura: | testo |
| Tags: |
Aggiungi Tag
Nessun Tag, puoi essere il primo ad aggiungerne!!
|
MARC
| LEADER | 00000 a a2200000 04500 | ||
|---|---|---|---|
| 001 | 47226 | ||
| 003 | |||
| 040 | |||
| 100 | |a Banerjee-Dube, Ishita | ||
| 245 | |a Caste, race and difference: |b the limits of knowledge and resistance / |c Ishita Banerjee-Dube | ||
| 773 | |g volumen62, número4, (2014), páginas 512-530 | ||
| 999 | |c 28717 |d 28717 | ||
